Staff Member Perceptions of Bullying in an Afterschool Center

Peer-to-peer bullying negatively impacts over 20% of school-aged children annually. While much literature exists on bullying on school premises, peer-to-peer bullying outside of the classroom is still relatively understudied. Despite states' implementation of antibullying legislation, peer-to-p...

Ausführliche Beschreibung

Gespeichert in:  
Bibliographische Detailangaben
1. VerfasserIn: Thegg, Sherrich Monsher (Verfasst von)
Medienart: Elektronisch Buch
Sprache:Englisch
Veröffentlicht: 2017
In:Jahr: 2017
Online-Zugang: Volltext (kostenfrei)
Verfügbarkeit prüfen: HBZ Gateway

MARC

LEADER 00000cam a22000002c 4500
001 1866622811
003 DE-627
005 20250115054922.0
007 cr uuu---uuuuu
008 231020s2017 xx |||||o 00| ||eng c
035 |a (DE-627)1866622811 
035 |a (DE-599)KXP1866622811 
040 |a DE-627  |b ger  |c DE-627  |e rda 
041 |a eng 
084 |a 2,1  |2 ssgn 
100 1 |a Thegg, Sherrich Monsher  |e VerfasserIn  |4 aut 
245 1 0 |a Staff Member Perceptions of Bullying in an Afterschool Center 
264 1 |c 2017 
336 |a Text  |b txt  |2 rdacontent 
337 |a Computermedien  |b c  |2 rdamedia 
338 |a Online-Ressource  |b cr  |2 rdacarrier 
520 |a Peer-to-peer bullying negatively impacts over 20% of school-aged children annually. While much literature exists on bullying on school premises, peer-to-peer bullying outside of the classroom is still relatively understudied. Despite states' implementation of antibullying legislation, peer-to-peer bullying has continued in schools and other areas such as afterschool centers. The purpose of this qualitative study was to evaluate staff perceptions of peer-to-peer bullying in afterschool centers. It specifically investigated bullying and the hierarchical imbalance of power using Sidanius and Pratto's social dominance theory. The research questions were designed to investigate the staff members' knowledge of bullying at the Boys and Girls Club. A phenomenological approach was used and data were collected through one-on-one interviews of 11 Boys and Girls Club staff members. Data from the interviews were deductively coded and subjected to thematic analysis. Findings indicate that staff members do not have a uniform understanding of bullying behaviors, nor did they have a clear guidance on practices to minimize bullying which leads to continued peer-to-peer bullying at the Boys and Girls Club. Staff also reported that they have been offered little training on dealing with bullying behavior, nor are there clear policies in place to combat bullying behavior from participants in the afterschool program. Positive social change may be achieved by the implementation of recommendations to the Boys and Girls Club including mandatory antibullying training for staff and the creation and implementation of a comprehensive antibullying policy 
856 4 0 |u https://core.ac.uk/download/147838097.pdf  |x Verlag  |z kostenfrei  |3 Volltext  |7 0 
935 |a mkri 
951 |a BO 
ELC |a 1 
LOK |0 000 xxxxxcx a22 zn 4500 
LOK |0 001 4394259401 
LOK |0 003 DE-627 
LOK |0 004 1866622811 
LOK |0 005 20231020043731 
LOK |0 008 231020||||||||||||||||ger||||||| 
LOK |0 035   |a (DE-2619)CORE47802122 
LOK |0 040   |a DE-2619  |c DE-627  |d DE-2619 
LOK |0 092   |o n 
LOK |0 852   |a DE-2619 
LOK |0 852 1  |9 00 
LOK |0 935   |a core 
LOK |0 939   |a 20-10-23  |b l01 
OAS |a 1 
ORI |a SA-MARC-krimdoka001.raw